000 01533nam0a22003131 4500
001 rc\1182733
005 20250622212319.0
035 _a(NLR Aleph) 006424775
090 _a5486413
_c5486413
100 _a20041129d1980 |||y0rusy50 ca
101 0 _arus
102 _aRU
105 _aa |||||||||
200 1 _aИзбранное
_eСтихотворения, поэмы
_fСергей Наровчатов
210 _aМ.
_cХудож. лит.
_d1980
215 _a494 с., 1 л. портр.
_d17
320 _aОсновные изд. произведений С.С. Наровчатова: с. 488-489
327 1 _aСодерж.: Стихотворения; Поэмы: Пролив Екатерины; Песня про атамана Семена Дежнева...; Василий Буслаев; Фронтовая радуга
464 0 _12001#$aСтихотворения
_tСтихотворения
464 0 _12001#$aПролив Екатерины
_tПролив Екатерины
464 0 _12001#$aПесня про атамана Семена Дежнева...
_tПесня про атамана Семена Дежнева...
464 0 _12001#$aВасилий Буслаев
_tВасилий Буслаев
464 0 _12001#$aФронтовая радуга
_tФронтовая радуга
700 1 _aНаровчатов
_bС.С.
_f1919-1981
_gСергей Сергеевич
801 0 _aRU
_bNLR
_gpsbo
801 1 _aRU
_bELAR
_2rusmarc
852 _aNLR
_j80-2/3123
942 _cBOOK
980 _aNB